| 000 | 00555nmm a2200193Ia 4500 | ||
|---|---|---|---|
| 008 | 251105s9999||||xx |||||||||||||||||und|| | ||
| 020 | _a9788491804499 | ||
| 041 | _aspa | ||
| 100 | _aAnsón, Antonio | ||
| 245 | 0 | _aMasats/Buñuel en Viridiana | |
| 264 |
_a[Madrid, España] : _bUniversitat Oberta de Catalunya, _c2019 |
||
| 300 | _a112 páginas | ||
| 490 | _aLuis Buñuel | ||
| 650 | _aFilm studies | ||
| 700 | _aAnsón, Antonio | ||
| 700 | 1 | _a Martínez Herranz, Amparo | |
| 856 | _uhttps://public.digitaliapublishing.com/a/61731 | ||
| 942 | _cCF | ||
| 999 |
_c61984 _d61984 |
||